Statistics for NHL Point Leader for Every Team

Click here to take the quiz!

General Stats

  • This quiz has been taken 25 times
  • The average score is 21 of 31

Answer Stats

HintPoint TotalAnswer% Correct
Edmonton Oilers1,669Wayne Gretzky
100%
Washington Capitals1,278Alexander Ovechkin
90%
Detroit Red Wings1,809Gordie Howe
90%
Pittsburgh Penguins1,723Mario Lemieux
90%
Columbus Blue Jackets547Rick Nash
90%
Anaheim Ducks988Teemu Selanne
90%
Colorado Avalanche (Quebec Nordiques)1,641Joe Sakic
85%
Arizona Coyotes972Shane Doan
85%
Chicago Blackhawks1,467Stan Mikita
85%
Vancouver Canucks1,070Henrik Sedin
80%
Calgary Flames1,095Jarome Iginla
80%
Toronto Maple Leafs987Mats Sundin
80%
Dallas Stars1,359Mike Modano
80%
Ottawa Senators1,108Daniel Alfredsson
75%
Boston Bruins1,506Ray Bourque
75%
Los Angeles Kings1,307Marcel Dionne
70%
San Jose Sharks1,102Patrick Marleau
70%
Montreal Canadiens1,246Guy Lafleur
65%
Tampa Bay Lightning953Martin St Louis
65%
Minnesota Wild709Mikko Koivu
65%
New Jersey Devils1,025Patrik Elias
60%
New York Islanders1,353Brian Trottier
55%
Buffalo Sabres1,326Gilbert Perreault
55%
Carolina Hurricanes (Hartford Whalers)1,175Ron Francis
55%
Winnipeg Jets (Atlanta Thrashers)651Blake Wheeler
50%
Philadelphia Flyers1,210Bobby Clarke
50%
Nashville Predators566David Legwand
50%
Florida Panthers437Jonathan Huberdeau
50%
New York Rangers1,021Rod Gilbert
45%
Vegas Golden Knights181Jonathan Marchessault
40%
St. Louis Blues1,073Bernie Federko
15%

Score Distribution

Percentile by Number Answered

Percent of People with Each Score

Your Score History

You have not taken this quiz